Concrete frame (Record no. 112356)

MARC details
000 -LEADER
fixed length control field 01390cad a22002415a 4500
001 - CONTROL NUMBER
control field L153068
008 - FIXED-LENGTH DATA ELEMENTS--GENERAL INFORMATION
fixed length control field 110602s2010 xxk g 000 0 eng d
035 ## - SYSTEM CONTROL NUMBER
System control number (Sirsi) u153068
041 0# - LANGUAGE CODE
Language code of text/sound track or separate title eng
110 2# - MAIN ENTRY--CORPORATE NAME
Corporate name or jurisdiction name as entry element Richards Partington Architects
9 (RLIN) 5858
110 2# - MAIN ENTRY--CORPORATE NAME
Corporate name or jurisdiction name as entry element Concrete Centre
9 (RLIN) 5831
245 00 - TITLE STATEMENT
Title Concrete frame
Medium [electronic resource]
260 ## - PUBLICATION, DISTRIBUTION, ETC.
Place of publication, distribution, etc. [S.l.]
Name of publisher, distributor, etc. NBS
Date of publication, distribution, etc. 2010
520 ## - SUMMARY, ETC.
Summary, etc. Concrete frame construction in house-building is typically specified for large blocks of flats, where the number of storeys exceeds the limits of load-bearing masonry. The majority of new apartment buildings in the UK are medium rise developments and this booklet, therefore, focuses on medium rise construction (4-10 storeys). Fabric energy efficiency standard; looks at key issues thermal performance, thermal bridging, thermal bypass, airtightness and sequencing; cladding and infill choices; guidance chart.
590 ## - LOCAL NOTE (RLIN)
Local note KA
651 #4 - SUBJECT ADDED ENTRY--GEOGRAPHIC NAME
Geographic name United Kingdom
Chronological subdivision
690 ## - LOCAL SUBJECT ADDED ENTRY--TOPICAL TERM (OCLC, RLIN)
Topical term or geographic name as entry element BUILT ENVIRONMENT-SUSTAINABLE CONSTRUCTION
690 ## - LOCAL SUBJECT ADDED ENTRY--TOPICAL TERM (OCLC, RLIN)
Topical term or geographic name as entry element BUILT ENVIRONMENT-BUILDING MATERIALS-CEMENTITIOUS, CONCRETE AND MINERAL BOUND MATERIALS-CONCRETE
690 ## - LOCAL SUBJECT ADDED ENTRY--TOPICAL TERM (OCLC, RLIN)
Topical term or geographic name as entry element BUILDING AND CONSTRUCTION-ENERGY MANAGEMENT
690 ## - LOCAL SUBJECT ADDED ENTRY--TOPICAL TERM (OCLC, RLIN)
Topical term or geographic name as entry element BUILT ENVIRONMENT-CONSTRUCTION DESIGN
856 40 - ELECTRONIC LOCATION AND ACCESS
Uniform Resource Identifier <a href="https://www.concretecentre.com/pdf/PublicationLibrary/ConcreteFrame.pdf">https://www.concretecentre.com/pdf/PublicationLibrary/ConcreteFrame.pdf</a>
Public note View the item free of charge at www.concretecentre.com
942 ## - ADDED ENTRY ELEMENTS (KOHA)
Suppress in OPAC 0
Holdings
Withdrawn status Lost status Source of classification or shelving scheme Damaged status Not for loan Home library Current library Shelving location Date acquired Total Checkouts Full call number Barcode Date last seen Copy number Price effective from Koha item type
    Dewey Decimal Classification     Virtual Virtual Online 02/06/2011   ONLINE PUBLICATION 153068-2001 06/08/2019 1 06/08/2019 Book